Countries that Have Colonized the Americas - Statistics

General Stats
  • This quiz has been taken 2,921 times
    1,699 since last reset
  • The average score is 10 of 14
Answer Stats
Period of Time Territory Country % Correct
1532-1822 Brazil and Uruguay Portugal
99%
1492-1898 Various Spain
99%
1607- Various United Kingdom
99%
1608- Various France
98%
1615- Guyana, New York, and the Caribbean Netherlands
96%
980s-1380 Canada and Greenland Norsemen
94%
1784-1867 Alaska and California Russian Empire
94%
1380*- Caribbean and Greenland Denmark
93%
1638-1814 Caribbean and New Jersey Sweden
89%
1654-1690 Tobago Courland
54%
1629-1702 Nova Scotia and East Jersey Scotland
48%
1685-1693 Saint Thomas Brandenburg-Prussia
31%
1651-1665 Caribbean Knights Hospitaller
15%
1529-1546 Venezuela Augsburg
5%
No matching quizzes found
Score Distribution
Percent of People with Each Score
Percentile by Number Answered
Your Score History
You have not taken this quiz since the last reset